[Event "QUO VADIS"]
[Site "SchemingMind.com"]
[Date "2010.04.30"]
[Round "-"]
[White "emvarela"]
[Black "BigDoggProblem"]
[Result "0-1"]
[WhiteCountry "ARG"]
[BlackCountry "USA"]
[WhiteElo "1754"]
[WhiteRD "55"]
[BlackElo "1968"]
[BlackRD "97"]
[GameID "247071"]

1. e4 g6 2. d4 Bg7 3. c4 c5 4. d5 d6 5. Qc2 Nf6 6. Nc3 O-O 7. Nf3 Qa5 8. Bd2 Bg4 9. Be2 Bxf3 10. Bxf3 Nbd7
11. O-O Ne5 12. Ne2 Nxf3+ 13. gxf3 Qc7 14. Ng3 Rab8 15. b4 cxb4 16. Bxb4 Rfc8 17. c5 dxc5 18. Rac1 b6 19. Bc3 Qf4 20. Qd3 b5
21. Bd2 Qh4 22. Be3 c4 23. Qe2 a5 24. Rc2 Nd7 25. f4 Nc5 26. Bxc5 Rxc5 27. a4 c3 28. Qe3 Rbc8 29. axb5 Rxb5 30. Rfc1 Rbc5
31. e5 Rxd5 32. Rxc3 Rcd8 33. Kg2 Bh6 34. Rc4 Rd3 35. Qe4 Qg4 36. Rc8 Rxc8 37. Rxc8+ Qxc8 38. Qxd3 Bxf4 39. Qe4 Bxg3 40. hxg3 Qa6
41. Qd5 Kg7 42. Qd8 Qb7+ 43. Kg1 a4 44. e6 fxe6 45. Qd4+ Kf7 46. Qxa4 Qd5 47. Qf4+ Kg7 48. Qc7 Qd6 49. Qc3+ e5 50. f4 Qd4+
0-1

[Event "QUO VADIS"]
[Site "SchemingMind.com"]
[Date "2010.05.01"]
[Round "-"]
[White "MOIMOI"]
[Black "BigDoggProblem"]
[Result "0-1"]
[WhiteCountry "POL"]
[BlackCountry "USA"]
[WhiteElo "1540"]
[WhiteRD "55"]
[BlackElo "1915"]
[BlackRD "91"]
[GameID "247072"]

1. Nf3 g6 2. d4 Bg7 3. e4 d6 4. h3 Nf6 5. Nc3 O-O 6. Bg5 a6 7. e5 Nfd7 8. Nd5 Nc6 9. Bf4 dxe5 10. dxe5 Ndxe5
11. Nxe5 Nxe5 12. Bxe5 Bxe5 13. c3 c6
0-1

[Event "QUO VADIS"]
[Site "SchemingMind.com"]
[Date "2010.04.30"]
[Round "-"]
[White "Olli Ylönen"]
[Black "BigDoggProblem"]
[Result "0-1"]
[WhiteCountry "FIN"]
[BlackCountry "USA"]
[WhiteElo "1507"]
[WhiteRD "57"]
[BlackElo "1915"]
[BlackRD "91"]
[GameID "247073"]

1. e4 g6 2. d4 Bg7 3. Nc3 c5 4. d5 d6 5. Nf3 Nf6 6. Bc4 Na6 7. O-O O-O 8. Re1 Nc7 9. a4 e6 10. dxe6 fxe6
11. Nb5 Nxb5 12. axb5 Nxe4 13. Bxe6+ Bxe6 14. Rxe4 Bf5 15. Re1 Bg4 16. Qd5+ Kh8 17. Ng5 Qd7 18. f3 Bf5 19. b6 h6 20. Ne6 Rfe8
21. Rxa7 Rab8 22. Kf2 Rxe6 23. Rxe6 Bxe6 24. Qe4 Bf5
0-1

[Event "QUO VADIS"]
[Site "SchemingMind.com"]
[Date "2010.05.04"]
[Round "-"]
[White "szymasss"]
[Black "BigDoggProblem"]
[Result "0-1"]
[WhiteCountry "POL"]
[BlackCountry "USA"]
[WhiteElo "1419"]
[WhiteRD "107"]
[BlackElo "1943"]
[BlackRD "91"]
[GameID "247074"]

1. e4 g6 2. e5 c5 3. d4 cxd4 4. Qxd4 Nc6 5. Qc3 Bg7 6. Nf3 Qc7 7. Bc4 Nxe5 8. Bf4 Nxf3+ 9. Ke2 Bxc3 10. bxc3 Qxf4
11. gxf3 Qxc4+ 12. Kd2 Nf6 13. Na3 Qd5+ 14. Ke2 b6 15. Rad1 Ba6+ 16. Ke3 Qc5+ 17. Rd4 e5
0-1

[Event "QUO VADIS"]
[Site "SchemingMind.com"]
[Date "2010.05.01"]
[Round "-"]
[White "Rucaul"]
[Black "faulty"]
[Result "1-0"]
[WhiteCountry "URU"]
[BlackCountry "USA"]
[WhiteElo "2069"]
[WhiteRD "102"]
[BlackElo "1826"]
[BlackRD "78"]
[GameID "247104"]

1. d4 d5 2. Nf3 Nf6 3. g3 g6 4. Bg2 Bg7 5. c4 O-O 6. cxd5 Nxd5 7. O-O Nc6 8. Nc3 Bg4 9. Nxd5 Qxd5 10. Ne5 Qe6
11. Nxg4 Qxg4 12. e3 Qxd1 13. Rxd1 Nd8 14. e4 c6 15. Be3 Ne6 16. Rac1 Rfd8 17. d5 cxd5 18. exd5 Nf8 19. Rc7 Rd7 20. Rxd7 Nxd7
21. d6 exd6 22. Rxd6 Nb6 23. b3 Be5 24. Rd1 Rb8 25. a4 Bc3 26. Bf4 Re8 27. Bxb7 Re2 28. Bf3 Re1+ 29. Rxe1 Bxe1 30. Bd6 f5
31. a5 Nc8 32. Bd5+ Kg7 33. Be5+ Kf8 34. Bb7 Ne7 35. a6 Ba5 36. Bd4
1-0

[Event "QUO VADIS"]
[Site "SchemingMind.com"]
[Date "2010.05.01"]
[Round "-"]
[White "Rucaul"]
[Black "BigDoggProblem"]
[Result "1-0"]
[WhiteCountry "URU"]
[BlackCountry "USA"]
[WhiteElo "2069"]
[WhiteRD "102"]
[BlackElo "1915"]
[BlackRD "91"]
[GameID "247105"]

1. c4 c5 2. Nc3 Nc6 3. g3 g6 4. Bg2 Bg7 5. Nf3 Nf6 6. O-O O-O 7. d3 d6 8. Rb1 Rb8 9. a3 a6 10. b4 b5
11. bxc5 bxc4 12. Rxb8 Nxb8 13. cxd6 Qxd6 14. dxc4 Rd8 15. Qb3 Nc6 16. Bf4 Qc5 17. Be3 Qf5 18. Qb6 Qa5 19. Qxa5 Nxa5 20. Bb6 Nc6
21. Bxd8 Nxd8 22. Rd1 Ne6 23. Bh3
1-0

[Event "QUO VADIS"]
[Site "SchemingMind.com"]
[Date "2010.05.01"]
[Round "-"]
[White "Rucaul"]
[Black "emvarela"]
[Result "1-0"]
[WhiteCountry "URU"]
[BlackCountry "ARG"]
[WhiteElo "2069"]
[WhiteRD "102"]
[BlackElo "1846"]
[BlackRD "83"]
[GameID "247106"]

1. c4 e5 2. Nc3 f5 3. g3 Nf6 4. Nf3 Nc6 5. Bh3 d6 6. d4 exd4 7. Nxd4 Nxd4 8. Qxd4 Bd7 9. O-O Be7 10. Qd3 Ng4
11. Bf4 O-O 12. Rad1 g5 13. Bc1 Bc6 14. f4 d5 15. cxd5 Bc5+ 16. Kg2 Be8 17. Bxg4 fxg4 18. fxg5 Bg6 19. Qc4 Qd6 20. Rxf8+ Rxf8
21. Bf4 Qb6 22. d6+ Bf7 23. Nd5 Bxd5+ 24. Qxd5+
1-0

[Event "QUO VADIS"]
[Site "SchemingMind.com"]
[Date "2010.05.01"]
[Round "-"]
[White "Rucaul"]
[Black "MOIMOI"]
[Result "1-0"]
[WhiteCountry "URU"]
[BlackCountry "POL"]
[WhiteElo "1974"]
[WhiteRD "123"]
[BlackElo "1563"]
[BlackRD "51"]
[GameID "247107"]

1. c4 c5 2. Nc3 g6 3. g3 Bg7 4. Nf3 d6 5. d4 cxd4 6. Nxd4 Qb6 7. Be3 Qxb2 8. Na4 Qb4+ 9. Bd2 Qxc4 10. Rc1 Qxd4
11. Rxc8+ Kd7 12. Qc2 Nf6 13. Bh3+ e6 14. Qc7#
1-0

[Event "QUO VADIS"]
[Site "SchemingMind.com"]
[Date "2010.05.01"]
[Round "-"]
[White "Rucaul"]
[Black "Olli Ylönen"]
[Result "1-0"]
[WhiteCountry "URU"]
[BlackCountry "FIN"]
[WhiteElo "2069"]
[WhiteRD "102"]
[BlackElo "1507"]
[BlackRD "57"]
[GameID "247108"]

1. Nf3 Nf6 2. c4 e6 3. Nc3 Bb4 4. a3 Bxc3 5. bxc3 O-O 6. g3 c5 7. Bg2 Nc6 8. O-O Qc7 9. d4 cxd4 10. cxd4 d5
11. Bf4 Qe7 12. c5 h6 13. Bd6 Qd8 14. Bxf8 Kxf8 15. Qd3 g5 16. Ne5 Nxe5 17. dxe5 Nd7 18. Qh7 Nxe5 19. Qh8+ Ke7 20. Qxe5
1-0

[Event "QUO VADIS"]
[Site "SchemingMind.com"]
[Date "2010.05.04"]
[Round "-"]
[White "Rucaul"]
[Black "szymasss"]
[Result "1-0"]
[WhiteCountry "URU"]
[BlackCountry "POL"]
[WhiteElo "1974"]
[WhiteRD "123"]
[BlackElo "1510"]
[BlackRD "120"]
[GameID "247109"]

1. c4 e5 2. Nc3 Bc5 3. Nf3 Nc6 4. e3 Nf6 5. d4 exd4 6. exd4 Qe7+ 7. Be2 Bb4 8. O-O b6 9. Nb5 O-O 10. Nxc7 Rb8
11. Nd5 Nxd5 12. cxd5 Na5 13. Bd3 Bb7 14. a3 Bd6 15. Re1 Qf6 16. Bg5 Qxg5 17. Nxg5 Bxd5 18. Bxh7+ Kh8 19. Qh5
1-0

[Event "QUO VADIS"]
[Site "SchemingMind.com"]
[Date "2010.05.05"]
[Round "-"]
[White "Rucaul"]
[Black "m_jack"]
[Result "1-0"]
[WhiteCountry "URU"]
[BlackCountry "ENG"]
[WhiteElo "1974"]
[WhiteRD "123"]
[BlackElo "1384"]
[BlackRD "103"]
[GameID "247110"]

1. c4 c6 2. Nf3 d6 3. Nc3 h6 4. e4 e5 5. d4 exd4 6. Nxd4 Nd7 7. Be2 Ngf6 8. O-O Ne5 9. f4 Ned7 10. Be3 Be7
11. Nf5 Bf8 12. Nxd6+ Bxd6 13. Qxd6 a5 14. e5
1-0

[Event "QUO VADIS"]
[Site "SchemingMind.com"]
[Date "2010.05.01"]
[Round "-"]
[White "faulty"]
[Black "Rucaul"]
[Result "0-1"]
[WhiteCountry "USA"]
[BlackCountry "URU"]
[WhiteElo "1845"]
[WhiteRD "79"]
[BlackElo "1974"]
[BlackRD "123"]
[GameID "247111"]

1. e4 e6 2. d4 d5 3. Nc3 Bb4 4. e5 b6 5. Qg4 Bf8 6. f4 Nh6 7. Qd1 c5 8. Nf3 Nc6 9. Be3 Nf5 10. Bf2 Nfxd4
11. Nxd4 cxd4 12. Bxd4 Nxd4 13. Qxd4 a6 14. a3 Bc5 15. Qd2 b5 16. g3 Qb6 17. Bg2 O-O 18. b4 Be3 19. Qd3 Qa7 20. Ke2 Bb6
21. Rad1 Qc7 22. Rd2 Bb7 23. Rhd1 Rac8 24. Na2 f6 25. exf6 g5 26. Rf1 Rxf6 27. Qf3 Qc4+
0-1

[Event "QUO VADIS"]
[Site "SchemingMind.com"]
[Date "2010.05.01"]
[Round "-"]
[White "BigDoggProblem"]
[Black "Rucaul"]
[Result "0-1"]
[WhiteCountry "USA"]
[BlackCountry "URU"]
[WhiteElo "1915"]
[WhiteRD "91"]
[BlackElo "2069"]
[BlackRD "102"]
[GameID "247112"]

1. e4 e6 2. d4 d5 3. Nc3 Bb4 4. e5 b6 5. Qg4 Bf8 6. h4 h5 7. Qg3 Ne7 8. Bg5 Nf5 9. Qf4 f6 10. exf6 gxf6
11. Nf3 Bd6 12. Qd2 fxg5 13. hxg5 c5 14. O-O-O Nxd4 15. Nxd4 cxd4 16. Qxd4 Qxg5+ 17. Kb1 Be5 18. Qa4+ Bd7 19. Bb5 Qg4 20. Bxd7+ Nxd7
21. Qxg4 hxg4 22. Rxh8+ Bxh8 23. Nb5 Be5 24. Re1 Ke7 25. c3 a6 26. Na3 Rf8 27. Re2 Bd6
0-1

[Event "QUO VADIS"]
[Site "SchemingMind.com"]
[Date "2010.05.01"]
[Round "-"]
[White "emvarela"]
[Black "Rucaul"]
[Result "0-1"]
[WhiteCountry "ARG"]
[BlackCountry "URU"]
[WhiteElo "1778"]
[WhiteRD "75"]
[BlackElo "2139"]
[BlackRD "93"]
[GameID "247113"]

1. e4 e6 2. d4 d5 3. Nc3 Bb4 4. e5 b6 5. a3 Bf8 6. Nf3 c5 7. Bb5+ Bd7 8. Bxd7+ Qxd7 9. Be3 Nc6 10. dxc5 bxc5
11. Na4 d4 12. Bf4 Rb8 13. O-O Qd5 14. Qe2 Nge7 15. Rad1 Ng6 16. Bg3 c4 17. Nxd4 Nxd4 18. Rxd4 Qxd4 19. Rd1 Nf4 20. Bxf4 Qxf4
21. g3 Qg5 22. Qxc4 Be7 23. Qc6+ Kf8 24. Qc7 Rd8 25. Rxd8+ Bxd8 26. Qc5+ Qe7 27. Qc8 g6 28. Nc5 Qc7 29. Qd7 Qxd7 30. Nxd7+ Ke7
31. Nf6 Bc7 32. f4 Rd8 33. Nxh7 Rd2
0-1

[Event "QUO VADIS"]
[Site "SchemingMind.com"]
[Date "2010.05.02"]
[Round "-"]
[White "MOIMOI"]
[Black "Rucaul"]
[Result "0-1"]
[WhiteCountry "POL"]
[BlackCountry "URU"]
[WhiteElo "1540"]
[WhiteRD "55"]
[BlackElo "2069"]
[BlackRD "102"]
[GameID "247114"]

1. Nf3 c5 2. c4 Nf6 3. g3 Nc6 4. Bg2 g6 5. Nc3 Bg7 6. d3 O-O 7. O-O d5 8. cxd5 Nxd5 9. Nxd5 Qxd5 10. Nd2 Qh5
11. e3 Qxd1 12. Rxd1 Bg4 13. f3 Bf5 14. g4 Bxd3 15. Nb3 c4 16. Nc5 Ne5 17. h3 Be2 18. Rd2 Nxf3+
0-1

[Event "QUO VADIS"]
[Site "SchemingMind.com"]
[Date "2010.05.01"]
[Round "-"]
[White "Olli Ylönen"]
[Black "Rucaul"]
[Result "0-1"]
[WhiteCountry "FIN"]
[BlackCountry "URU"]
[WhiteElo "1486"]
[WhiteRD "72"]
[BlackElo "1974"]
[BlackRD "123"]
[GameID "247115"]

1. e4 e6 2. d4 d5 3. Nc3 Nf6 4. Bg5 Bb4 5. e5 h6 6. exf6 hxg5 7. fxg7 Rg8 8. h4 gxh4 9. Nf3 Nc6 10. Rxh4 Qf6
11. Qd2 Qxg7 12. O-O-O Bd7 13. a3 Be7 14. Qh6 Bxh4 15. Qxg7 Rxg7 16. Nxh4 O-O-O 17. g3 Rh8 18. Bd3 Nxd4 19. Ng2 Rh2 20. Rg1 Nf3
21. Bb5 Nxg1
0-1

[Event "QUO VADIS"]
[Site "SchemingMind.com"]
[Date "2010.05.05"]
[Round "-"]
[White "szymasss"]
[Black "Rucaul"]
[Result "0-1"]
[WhiteCountry "POL"]
[BlackCountry "URU"]
[WhiteElo "1419"]
[WhiteRD "107"]
[BlackElo "2139"]
[BlackRD "93"]
[GameID "247116"]

1. e4 e6 2. e5 d6 3. Nf3 Nc6 4. d4 dxe5 5. dxe5 Qxd1+ 6. Kxd1 Nge7 7. Bb5 Bd7 8. Nc3 h6 9. Be3 Ng6 10. Bxc6 Bxc6
11. Ke2 O-O-O 12. Rhd1 Bb4 13. Nd4 Bxg2 14. Ndb5 Bxc3 15. Nxc3 Nxe5 16. Rg1 Bf3+ 17. Ke1 g5 18. Bd4 Rxd4 19. Rd1 Bxd1 20. Nxd1 Nf3+
21. Ke2 Nxg1+ 22. Kf1 Rxd1+
0-1

[Event "QUO VADIS"]
[Site "SchemingMind.com"]
[Date "2010.05.05"]
[Round "-"]
[White "m_jack"]
[Black "Rucaul"]
[Result "0-1"]
[WhiteCountry "ENG"]
[BlackCountry "URU"]
[WhiteElo "1384"]
[WhiteRD "103"]
[BlackElo "1974"]
[BlackRD "123"]
[GameID "247117"]

1. e4 e6 2. c3 d5 3. exd5 exd5 4. Nf3 Bd6 5. d3 Nf6 6. a3 O-O 7. d4 Re8+ 8. Be2 Qe7 9. Be3 Ng4 10. Qd2 Nd7
11. h3 Nxe3 12. fxe3 Bg3+ 13. Kf1 Nf6
0-1

[Event "QUO VADIS"]
[Site "SchemingMind.com"]
[Date "2010.05.01"]
[Round "-"]
[White "Nikolik"]
[Black "faulty"]
[Result "1-0"]
[WhiteCountry "URU"]
[BlackCountry "USA"]
[WhiteElo "1957"]
[WhiteRD "125"]
[BlackElo "1845"]
[BlackRD "79"]
[GameID "247172"]

1. d4 d5 2. c4 c6 3. Nf3 Nf6 4. e3 g6 5. Nc3 Bg7 6. Be2 O-O 7. O-O Nbd7 8. Qc2 a6 9. a4 b6 10. b4 Bb7
11. Ba3 Re8 12. b5 axb5 13. axb5 c5 14. dxc5 Nxc5 15. Bxc5 bxc5 16. Nxd5 Rxa1 17. Rxa1 Nxd5 18. Rd1 Qd6 19. cxd5 Ra8 20. h3 Ra3
21. Ng5 Rc3 22. Qa4 f5 23. b6 Bf6 24. Qe8+ Kg7 25. Qf7+ Kh6 26. Qxh7+
1-0

[Event "QUO VADIS"]
[Site "SchemingMind.com"]
[Date "2010.05.01"]
[Round "-"]
[White "Nikolik"]
[Black "BigDoggProblem"]
[Result "1-0"]
[WhiteCountry "URU"]
[BlackCountry "USA"]
[WhiteElo "2081"]
[WhiteRD "102"]
[BlackElo "1915"]
[BlackRD "91"]
[GameID "247173"]

1. d4 Nf6 2. c4 g6 3. Nc3 Bg7 4. e4 d6 5. Nge2 O-O 6. Ng3 c5 7. d5 Na6 8. Be2 Nc7 9. O-O e5 10. Bg5 h6
11. Be3 Nfe8 12. Qd2 Kh7 13. a3 f5 14. exf5 gxf5 15. Bd3 a6 16. Nxf5 Bxf5 17. Bxf5+ Rxf5 18. Qd3
1-0

[Event "QUO VADIS"]
[Site "SchemingMind.com"]
[Date "2010.05.01"]
[Round "-"]
[White "Nikolik"]
[Black "emvarela"]
[Result "1-0"]
[WhiteCountry "URU"]
[BlackCountry "ARG"]
[WhiteElo "2081"]
[WhiteRD "102"]
[BlackElo "1846"]
[BlackRD "83"]
[GameID "247174"]

1. d4 Nf6 2. c4 g6 3. Nc3 Bg7 4. e4 d6 5. Nge2 O-O 6. Ng3 e5 7. d5 c5 8. Be2 Bd7 9. h4 h5 10. Bg5 Qb6
11. Qd2 Nh7 12. Be3 a5 13. Rb1 Na6 14. Bh6 a4 15. Bxh5 Nf6 16. Be2 Ng4 17. Bxg4 Bxg4 18. Bxg7 Kxg7 19. Qg5 f5 20. h5 Rf6
21. hxg6
1-0

[Event "QUO VADIS"]
[Site "SchemingMind.com"]
[Date "2010.05.01"]
[Round "-"]
[White "Nikolik"]
[Black "MOIMOI"]
[Result "1-0"]
[WhiteCountry "URU"]
[BlackCountry "POL"]
[WhiteElo "2118"]
[WhiteRD "101"]
[BlackElo "1404"]
[BlackRD "51"]
[GameID "247175"]

1. d4 c6 2. c4 g6 3. Nc3 Bg7 4. e4 d6 5. Nf3 Bg4 6. Be2 Bxf3 7. Bxf3 e6 8. Bf4 Nd7 9. Bxd6 Nb6 10. c5 Nc4
11. e5 Nxd6 12. cxd6 Nh6 13. O-O O-O 14. Qb3 Rb8 15. Ne4 b6 16. Rad1 c5 17. dxc5 bxc5 18. Qc3 Rc8 19. Rfe1 Nf5 20. d7 Rc7
21. Nxc5 Qe7 22. b4 Rd8 23. Qd2 Bh6 24. Qd3 f6 25. exf6 Qxf6 26. Rxe6 Rdxd7 27. Nxd7
1-0

[Event "QUO VADIS"]
[Site "SchemingMind.com"]
[Date "2010.05.01"]
[Round "-"]
[White "Nikolik"]
[Black "Olli Ylönen"]
[Result "1-0"]
[WhiteCountry "URU"]
[BlackCountry "FIN"]
[WhiteElo "2081"]
[WhiteRD "102"]
[BlackElo "1507"]
[BlackRD "57"]
[GameID "247176"]

1. d4 d5 2. c4 c6 3. Nf3 Nf6 4. e3 Bf5 5. Nc3 e6 6. Nh4 Be4 7. f3 Bg6 8. Qb3 Qc7 9. Bd2 Bd6 10. Rc1 dxc4
11. Bxc4 Bxh2 12. Rxh2 Qxh2 13. Nxg6 hxg6 14. Qxb7 O-O 15. Qxa8 Qxg2 16. Ne4 Qxf3 17. Nxf6+ gxf6 18. Qxa7 Kg7 19. Bxe6 Kh6 20. Bxf7 g5
21. Qe7 g4 22. Qxf8+ Kg5 23. Rc5+ Kh4 24. Rh5+ Kg3 25. Qd6+
1-0

[Event "QUO VADIS"]
[Site "SchemingMind.com"]
[Date "2010.05.04"]
[Round "-"]
[White "Nikolik"]
[Black "szymasss"]
[Result "1-0"]
[WhiteCountry "URU"]
[BlackCountry "POL"]
[WhiteElo "1957"]
[WhiteRD "125"]
[BlackElo "1510"]
[BlackRD "120"]
[GameID "247177"]

1. d4 d5 2. c4 dxc4 3. e4 b5 4. a4 Bd7 5. axb5 Bxb5 6. Nc3 c6 7. Nf3 Nd7 8. b3 cxb3 9. Nxb5 cxb5 10. Qxb3 a6
11. Ne5 Nxe5 12. dxe5 Qd4 13. Bxb5+ Kd8 14. Be3 Qxa1+ 15. Ke2 Qxh1 16. Bb6+ Kc8 17. Qc3+ Kb7 18. Qc7#
1-0

[Event "QUO VADIS"]
[Site "SchemingMind.com"]
[Date "2010.05.06"]
[Round "-"]
[White "Nikolik"]
[Black "m_jack"]
[Result "1-0"]
[WhiteCountry "URU"]
[BlackCountry "ENG"]
[WhiteElo "1957"]
[WhiteRD "125"]
[BlackElo "1384"]
[BlackRD "103"]
[GameID "247178"]

1. d4 c6 2. c4 e6 3. Nc3 h6 4. Nf3 d6 5. e4 Nf6 6. Bd3 Be7 7. e5 dxe5 8. dxe5 Nfd7 9. O-O a5 10. Bc2 Qc7
11. Qe2
1-0

[Event "QUO VADIS"]
[Site "SchemingMind.com"]
[Date "2010.05.02"]
[Round "-"]
[White "Nikolik"]
[Black "Rucaul"]
[Result "1/2-1/2"]
[WhiteCountry "URU"]
[BlackCountry "URU"]
[WhiteElo "1957"]
[WhiteRD "125"]
[BlackElo "1974"]
[BlackRD "123"]
[GameID "247179"]

1. d4 d5 2. Nf3 Nf6 3. e3 g6 4. Bd3 Bg7 5. O-O O-O 6. Nbd2 Nc6 7. c4 Nb4 8. Bb1 dxc4 9. Nxc4 Be6 10. Nce5 Nd7
11. Nxd7 Qxd7 12. Bd2 c5 13. Bxb4 cxb4 14. Qd2=
1/2-1/2

[Event "QUO VADIS"]
[Site "SchemingMind.com"]
[Date "2010.05.01"]
[Round "-"]
[White "faulty"]
[Black "Nikolik"]
[Result "0-1"]
[WhiteCountry "USA"]
[BlackCountry "URU"]
[WhiteElo "1845"]
[WhiteRD "79"]
[BlackElo "1957"]
[BlackRD "125"]
[GameID "247180"]

1. e4 d5 2. exd5 Nf6 3. d4 Bg4 4. f3 Bf5 5. c4 e6 6. dxe6 Nc6 7. exf7+ Kxf7 8. Be3 Bb4+ 9. Nc3 Re8 10. Kf2 Rxe3
11. Kxe3 Qe7+ 12. Kf2 Nxd4 13. Bd3 Rd8 14. Ne4 Ne6 15. Qb1 Nf4 16. Bc2 Nxe4+ 17. Bxe4 Qc5+ 18. Kg3 Nh5+ 19. Kh4 Qe7+ 20. Kxh5 g6+
0-1

[Event "QUO VADIS"]
[Site "SchemingMind.com"]
[Date "2010.05.01"]
[Round "-"]
[White "BigDoggProblem"]
[Black "Nikolik"]
[Result "0-1"]
[WhiteCountry "USA"]
[BlackCountry "URU"]
[WhiteElo "1915"]
[WhiteRD "91"]
[BlackElo "2081"]
[BlackRD "102"]
[GameID "247181"]

1. e4 c5 2. Nf3 d6 3. d4 cxd4 4. Nxd4 Nf6 5. Nc3 g6 6. Be3 Bg7 7. Qd2 Ng4 8. Bg5 h6 9. Bh4 Nc6 10. Bb5 Bd7
11. h3 Nxd4 12. Bxd7+ Qxd7 13. hxg4 g5 14. Bg3 Qxg4 15. Nd5 Qxe4+ 16. Ne3 f5 17. c3 f4 18. cxd4 fxg3 19. O-O Bxd4 20. Rae1 O-O
0-1

[Event "QUO VADIS"]
[Site "SchemingMind.com"]
[Date "2010.05.01"]
[Round "-"]
[White "emvarela"]
[Black "Nikolik"]
[Result "0-1"]
[WhiteCountry "ARG"]
[BlackCountry "URU"]
[WhiteElo "1846"]
[WhiteRD "83"]
[BlackElo "2081"]
[BlackRD "102"]
[GameID "247182"]

1. d4 Nf6 2. c4 e6 3. Nc3 Bb4 4. e3 c5 5. Bd2 cxd4 6. exd4 d5 7. Qa4+ Nc6 8. cxd5 Nxd5 9. Bb5 O-O 10. Bxc6 bxc6
11. Qxc6 Bd7 12. Qc4 Rb8 13. a3 Bb5 14. Nxb5 Bxd2+ 15. Kxd2 Qg5+ 16. Ke2 Rfc8 17. Qa4 Rxb5 18. Nf3 Rxb2+
0-1

[Event "QUO VADIS"]
[Site "SchemingMind.com"]
[Date "2010.05.01"]
[Round "-"]
[White "MOIMOI"]
[Black "Nikolik"]
[Result "0-1"]
[WhiteCountry "POL"]
[BlackCountry "URU"]
[WhiteElo "1563"]
[WhiteRD "51"]
[BlackElo "1957"]
[BlackRD "125"]
[GameID "247183"]

1. Nf3 Nf6 2. Nc3 d5 3. d4 g6 4. Bf4 Bg7 5. e3 O-O 6. h3 c5 7. dxc5 Nbd7 8. b4 a5 9. a3 Nh5 10. Qd2 axb4
11. Nd4 bxc3 12. Qxc3 e5 13. g4 exd4 14. exd4 Nxf4 15. Qf3 Qa5+ 16. Kd1 Re8 17. Bd3 Bh6 18. h4 Nxd3 19. Qxd3 Nxc5 20. dxc5 Bxg4+
0-1

[Event "QUO VADIS"]
[Site "SchemingMind.com"]
[Date "2010.05.01"]
[Round "-"]
[White "Olli Ylönen"]
[Black "Nikolik"]
[Result "0-1"]
[WhiteCountry "FIN"]
[BlackCountry "URU"]
[WhiteElo "1486"]
[WhiteRD "72"]
[BlackElo "1957"]
[BlackRD "125"]
[GameID "247184"]

1. Nf3 Nf6 2. c4 g6 3. g3 Bg7 4. d4 O-O 5. Bg2 d6 6. O-O Nc6 7. Nc3 a6 8. d5 Na5 9. b3 c5 10. dxc6 Nxc6
11. Bb2 Bd7 12. Qd2 Qa5 13. Rfd1 Rac8 14. e3 b5 15. cxb5 axb5 16. e4 b4 17. Nd5 Nxe4 18. Qe2 Bxb2 19. Qxb2 Nc3 20. Nxe7+ Nxe7
21. Rxd6 Bc6 22. Qd2 Nf5 23. Nd4 Bxg2 24. Kxg2 Nxd6
0-1

[Event "QUO VADIS"]
[Site "SchemingMind.com"]
[Date "2010.05.04"]
[Round "-"]
[White "szymasss"]
[Black "Nikolik"]
[Result "0-1"]
[WhiteCountry "POL"]
[BlackCountry "URU"]
[WhiteElo "1510"]
[WhiteRD "120"]
[BlackElo "1957"]
[BlackRD "125"]
[GameID "247185"]

1. e4 c5 2. Bc4 e6 3. e5 Nc6 4. Nf3 f6 5. c3 fxe5 6. d4 cxd4 7. cxd4 e4 8. Ne5 Nxe5 9. dxe5 Qc7 10. Qd4 b5
11. Qxe4 Bb7 12. Bd5 Qxc1+ 13. Ke2 Qxb2+ 14. Nd2 Bxd5 15. Qg4 Bc4+ 16. Ke3 Bc5+ 17. Kf3 Qc3+ 18. Kf4 Qxd2+ 19. Kg3 Bxf2+ 20. Kh3 Qh6+
21. Qh4 Qxh4#
0-1

[Event "QUO VADIS"]
[Site "SchemingMind.com"]
[Date "2010.05.02"]
[Round "-"]
[White "Rucaul"]
[Black "Nikolik"]
[Result "1/2-1/2"]
[WhiteCountry "URU"]
[BlackCountry "URU"]
[WhiteElo "1974"]
[WhiteRD "123"]
[BlackElo "1957"]
[BlackRD "125"]
[GameID "247187"]

1. Nf3 Nf6 2. c4 g6 3. Nc3 Bg7 4. g3 O-O 5. Bg2 d6 6. O-O e5 7. d3 Nbd7 8. Be3 Ng4 9. Bg5 f6 10. Bd2 f5
11. Ng5 Ndf6 12. Qb3 c6=
1/2-1/2

[Event "QUO VADIS"]
[Site "SchemingMind.com"]
[Date "2010.05.03"]
[Round "-"]
[White "lennart"]
[Black "faulty"]
[Result "0-1"]
[WhiteCountry "SWE"]
[BlackCountry "USA"]
[WhiteElo "1485"]
[WhiteRD "62"]
[BlackElo "1845"]
[BlackRD "79"]
[GameID "247351"]

1. d4 d5 2. e3 Nf6 3. Nf3 g6 4. Bb5+ c6 5. Ba4 Bg7 6. Na3 O-O 7. O-O b5 8. Bb3 Nbd7 9. c3 a5 10. Bc2 Ba6
11. Re1 b4 12. Nb1 Qc7 13. Bd3 e5 14. dxe5 Nxe5 15. Bxa6 Rxa6 16. b3 Nxf3+ 17. Qxf3 Ne4
0-1

[Event "QUO VADIS"]
[Site "SchemingMind.com"]
[Date "2010.05.03"]
[Round "-"]
[White "lennart"]
[Black "BigDoggProblem"]
[Result "0-1"]
[WhiteCountry "SWE"]
[BlackCountry "USA"]
[WhiteElo "1463"]
[WhiteRD "64"]
[BlackElo "1915"]
[BlackRD "91"]
[GameID "247352"]

1. d4 Nf6 2. e3 g6 3. Bd3 Bg7 4. Nf3 O-O 5. O-O c5 6. dxc5 Qa5 7. Nc3 Qxc5 8. Re1 d5 9. Na4 Qc6 10. b3 Bg4
11. h3 Bxf3 12. Qxf3 e5 13. Qg3 Nh5 14. Qg4 f5 15. Qe2 a6 16. c4 e4 17. cxd5 exd3 18. Qxd3 Qd6 19. Rb1 b5 20. Nc3 Nd7
21. f4 Rac8 22. Ne2 Nb6 23. Rd1 Rfd8 24. e4 fxe4 25. Qxe4 Nf6 26. Qf3 Nbxd5 27. b4 Qb6+ 28. Rd4 Nc3 29. Be3 Nxe2+ 30. Qxe2 Rxd4
31. Bxd4 Qxd4+ 32. Kh1 Ne4 33. Kh2 Bh6 34. Qg4 Re8 35. f5 Qe5+ 36. Kg1 Be3+
0-1

[Event "QUO VADIS"]
[Site "SchemingMind.com"]
[Date "2010.05.03"]
[Round "-"]
[White "lennart"]
[Black "emvarela"]
[Result "0-1"]
[WhiteCountry "SWE"]
[BlackCountry "ARG"]
[WhiteElo "1485"]
[WhiteRD "62"]
[BlackElo "1881"]
[BlackRD "89"]
[GameID "247353"]

1. d4 Nf6 2. Nc3 d5 3. e3 e6 4. Bb5+ Bd7 5. Bxd7+ Qxd7 6. Nf3 Bb4 7. Ne5 Bxc3+ 8. bxc3 Qd6 9. O-O O-O 10. Rb1 b6
11. Qe1 c5 12. Nd3 c4 13. Nf4 Nc6 14. Ra1 e5 15. dxe5 Nxe5 16. h3 g5 17. Ne2 g4 18. f4 gxf3 19. Qg3+ Kh8 20. Nf4 Rg8
21. Qh4 Ne4
0-1

[Event "QUO VADIS"]
[Site "SchemingMind.com"]
[Date "2010.05.02"]
[Round "-"]
[White "lennart"]
[Black "MOIMOI"]
[Result "1-0"]
[WhiteCountry "SWE"]
[BlackCountry "POL"]
[WhiteElo "1485"]
[WhiteRD "63"]
[BlackElo "1404"]
[BlackRD "51"]
[GameID "247354"]

1. d4 c5 2. d5 d6 3. e4 Nf6 4. Nc3 Nbd7 5. Bb5 a6 6. Bxd7+ Bxd7 7. Nf3 Bg4 8. O-O h6 9. Qd3 c4 10. Qe3 b5
11. Nd4 Bd7 12. e5 Ng4 13. Qf3 Nxe5 14. Qd1 g6 15. Bf4 Bg7 16. Bxe5 Bxe5 17. Nf3 Bxc3 18. bxc3 Bg4 19. Qd4 O-O 20. Qxg4 Qa5
21. Qd4 f5 22. Rfe1 Rae8 23. Re6 Kh7 24. Nh4 Rf6 25. Rae1 Rxe6 26. Rxe6 Qa4 27. Rxg6 Rg8 28. Rxg8 Kxg8 29. g3 Qxc2 30. h3 Qxa2
31. Kh2 Qc2 32. Qf4 Qxc3 33. Qxh6 Qg7 34. Qe6+ Kh7 35. Nxf5 Qg6 36. Qxe7+ Kg8 37. Qe4 Kh7 38. Qh4+
1-0